000 00431pam a2200157a 44500
008 230515b1993 xxu||||| |||| 00| 0 eng d
020 _aNULL
041 _aENGL
082 _a307 FRC.
100 _a"F.R.C.H.,"
245 _aCOMMUNITY PARTICIPATION IN HEALTH CARE SERVICES
250 _a0
260 _aBOMBAY
_bFOUNDATION FOR RESEARCH IN COMMUNITY HEALTH
_c1993
300 _aNULL
650 _a"COMMUNITY,HEALTH CARE SERVICES"
999 _c538904
_d538904